| 000 | 01833cam a22002415a 4500 | ||
|---|---|---|---|
| 001 | L145933 | ||
| 008 | 081124e20081120xxkbdo f s f000 0 eng d | ||
| 020 | _a9781847812025 | ||
| 035 | _a(Sirsi) u145933 | ||
| 041 | 0 | _aeng | |
| 050 | 0 | 4 | _a306.1 $2 18 |
| 110 | 2 |
_aLondon _bGreater London Authority _93989 |
|
| 245 | 0 | 4 |
_aThe London housing strategy _bdraft for consultation with the London Assembly and functional bodies _h[electronic resource] |
| 260 |
_aLondon _bGLA _c2008 |
||
| 505 | 2 | _aForeword -- Achieving the vision -- Raising aspirations, promoting opportunity: rethinking London's housing; helping Londoners to become home owners; improving the social rented sector; improving the private rented sector -- Improving homes, transforming neighbourhoods: designing better homes; producing greener homes; regenerating areas and estates; bringing empty homes back into use -- Maximising delivery, optimising value for money: delivering across London; delivery locally; investing to deliver -- Consulting with London -- Appendices: Gypsy and traveller accommodation, estimated need for residential pitches by borough 2007-2017; decent homes funding 2008-11 | |
| 520 | _aPresents the Mayor of London's view for housing in the Greater London Authority. Addresses affordable housing and the First Steps housing program, as well as the need to improve and green neighbourhoods. Created to help with the consultation process with the London assembly and functional bodies. | ||
| 521 | _aAdvanced | ||
| 590 | _aKA NTK | ||
| 651 | 4 |
_aEngland and Wales _y1543- |
|
| 690 | _aENVIRONMENTAL AND LAND CONSULTANCY-PLANNING AND DEVELOPMENT-STRATEGIC PLANNING | ||
| 856 | 4 | 0 |
_uhttps://www.london.gov.uk/sites/default/files/uploads/Housing_Strategy_Draft_Nov08.pdf _zView the item free of charge online at www.london.gov.uk... |
| 942 | _n0 | ||
| 999 |
_c108970 _d108970 |
||